000 00773nam a2200217 i 4500
001 117598
003 ES-MaACL
005 20260301184635.0
007 t|
008 070214s1960 sp r ||||1| spa d
100 1 _aPedrol Rius, Antonio.
_989934
245 1 4 _aLos asesinos del General Prim /
_cAntonio Pedrol Rius ; prólogo de D. Eduardo Aunós ; epílogo del Dr. de la Fuente Chaos.
260 _aMadrid :
_bTebas,
_c1960.
300 _a136 p. lám 1-16 ;
_c22 cm.
600 1 4 _aPrim, Juan,
_d1814-1870
_9242561
651 7 _aEspaña-
_xHistoria-
_yS.XIX
_2
_9142005
700 1 _aAunós Pérez, Eduardo,
_d1894-1967
_923920
700 1 _aFuente Chaos, Alfonso de la,
_d1908-1988
_952864
852 _aES-MaACL
_jC-19166
_bR.46187
999 _c117598
_d117598